00661nam a2200229Ia 4500003000400000005001700004008004100021020001500062040000700077041000800084082002400092100002400116245003800140250000600178260003700184300001200221365001300233906001500246942001200261999001900273952013900292OSt20230509095355.0210423s2007 xx 000 0 und d a8184481411 cAL aeng a574.1028223b GHAC aGHAI (C L).9100254 aTextbook of practical physiology. a7 aNew DelhibJaypee Brothersc2007 axxi,400 b250cINR aphysiology 2ddccBK c163927d163927 001040708BIOCaSACPGbSACPGd2009-03-12eU R Shenoy and Cog250.00l0o574.1028 GHACpPG010424r2022-08-24 00:00:00w2021-04-26yBK